| 000 | 00560nam a22001697a 4500 | ||
|---|---|---|---|
| 005 | 20210912074334.0 | ||
| 008 | 210902s2009 ck a|||gr|||| 00| 0 spa d | ||
| 020 | _a9789587049138 | ||
| 082 | 0 | 4 |
_220 _a920.5 |
| 100 |
_aVladdo _9105184 |
||
| 245 | 1 | 4 |
_aUna semana de quince años _cVladdo |
| 260 |
_aBogotá _bAguilar _c2009 |
||
| 600 |
_aVladdo (Florez, Vladimir) _9105911 |
||
| 650 | 7 |
_aHumorismo gráfico _zColombia _9105912 |
|
| 650 | 7 |
_aHumoristas colombianos _xRelatos personales _9105913 |
|
| 942 |
_2DEWEY _a19 _cLIBRO _e1 _h920.5 _mV865s _n0 |
||
| 999 |
_c319124 _d319124 |
||